000 01214cad a22002415a 4500
001 E147563
008 090526e20090507xxkd f 000 0 eng d
035 _a(Sirsi) u147563
041 0 _aeng
050 0 4 _a347.4207 $2 18
110 2 _aCentre of Construction Law and Dispute Resolution
_95739
245 0 4 _aThe use of mediation in construction disputes
_bsummary report of the final results
_h[electronic resource]
260 _aLondon
_bKing's College London
_c2009
520 _aPresents the results of a survey of the representatives of parties to litigation in the Technology and Construction Court. The research was aimed at assessing the effectiveness and value for money of mediations relating to disputes in the construction industry. Tables.
521 _aAdvanced
590 _aKA
651 4 _aEngland
_y886-
690 _aMANAGEMENT-DISPUTE AVOIDANCE, MANAGEMENT AND RESOLUTION-DISPUTE MANAGEMENT AND RESOLUTION
710 1 _aKing's College London
710 1 _aTechnology and Construction Court
856 4 0 _uhttps://www.adjudication.org/sites/default/files/Summary%20Report%20of%20the%20Final%20Results_0.pdf
_zView the report (pdf) free of charge at www.adjudication.org...
942 _n0
999 _c109624
_d109624